• 首页
  • 本馆介绍
  • 公告通知
  • 最新文献
  • 馆藏检索
  • 电子资源
  • 读者导购
  • 参考咨询
  • 我的图书馆
  • 登录
  • 详细信息显示
  • 放入我的书架
  • 预约/预借图书
  • 作者相关作品
  • 分类相关作品
  • 丛书相关作品
  • 出版社相关作品

书目信息

  • 表格格式
  • 工作单格式
  • 卡片格式
题名:
数据结构辅导讲堂
    
 
作者: 夏清国 编著
分册:  
出版信息: 西安   西北工业大学出版社  2008.04
页数: 407页
开本: 20cm
丛书名: 精品课程·名师讲堂丛书
单 册:
中图分类: TP311.12
科图分类:
主题词: 数据结构
电子资源:
ISBN: 978-7-5612-2354-3
000 00657nam0 2200217 450
001 0838196034
005 20081205151555.97
010    @a978-7-5612-2354-3@dCNY20.00
100    @a20081205d2008 km y0chiy0120 ea
101 0  @achi
102    @aCN@b610000
200 1  @a数据结构辅导讲堂@Ashu ju jie gou fu dao jiang tang@f夏清国编著@Fxia qing guo bian zhu
210    @a西安@c西北工业大学出版社@d2008.04
215    @a407页@d20cm
225 2  @a精品课程·名师讲堂丛书
410  0 @12001 @a精品课程·名师讲堂丛书
606 0  @a数据结构
690    @aTP311.12@v4
701  0 @a夏清国@Axia qing guo@4编著
801  0 @aCN@bNISOFT@c20081205
905    @aBZT@dTP311.12@e2@f5
    
    数据结构辅导讲堂/夏清国编著.-西安:西北工业大学出版社,2008.04
    407页;20cm.-(精品课程·名师讲堂丛书)
    
    
    ISBN 978-7-5612-2354-3:CNY20.00
    
●
相关链接 在五车中查询图书 在当当中查询图书 在豆瓣中查询图书


正题名:数据结构辅导讲堂     索取号:TP311.12/2         预约/预借

序号 登录号 条形码 馆藏地/架位号 状态 备注
1 0687562   2000687562   样本书库/样006架B面2层2列/ [索取号:TP311.12/2] 在馆    
2 0687563   2000687563   中心书库中库/ 中库028架A面1列5层54/ [索取号:TP311.12/2] 在馆    
3 0687565   2000687565   中心书库中库/ 中库028架A面1列5层55/ [索取号:TP311.12/2] 在馆    
4 0687566   2000687566   中心书库中库/ 中库028架A面1列5层53/ [索取号:TP311.12/2] 在馆    
山东省滨州职业学院图书馆 欢迎您!
大连网信软件有限公司© 版权所有